[Event "YUG-chT 52nd"]
[Site "Novi Sad"]
[Date "2000.08.29"]
[Round "6"]
[White "Scekic, Milos"]
[Black "Rakic, Tomislav"]
[Result "0-1"]
[WhiteElo "2440"]
[BlackElo "2391"]
[PlyCount "94"]
[EventDate "2000.08.24"]
[EventType "team"]
[EventRounds "11"]
[EventCountry "YUG"]
[SourceTitle "EXT 2001"]
[Source "ChessBase"]
[SourceDate "2000.11.22"]
[SourceVersion "1"]
[SourceVersionDate "2000.11.22"]
[SourceQuality "1"]
[WhiteTeam "Cacak Borac"]
[BlackTeam "Nis"]
[WhiteTeamCountry "YUG"]
[BlackTeamCountry "YUG"]

1. d4 f5 2. Nf3 Nf6 3. g3 g6 4. Bg2 Bg7 5. b3 0-0 6. Bb2 c6 7. 0-0 a5 8. c4 Na6 9. Nbd2 d6 10. Qc2 Qe8 11. a3 Bd7 12. Rae1 Nc7 13. h3 Qc8 14. Kh2 b5 15. e4 fxe4 16. Nxe4 bxc4 17. bxc4 Nxe4 18. Qxe4 Bf6 19. Bc1 Qa6 20. Bh6 Rfe8 21. c5 Bf5 22. Qe3 Nd5 23. Qc1 Rab8 24. cxd6 exd6 25. Rxe8+ Rxe8 26. Re1 Qc8 27. Ng5 Rxe1 28. Qxe1 Qd8 29. Ne4 Bg7 30. Bxg7 Kxg7 31. Nc3 Ne7 32. Qe2 Bc8 33. g4 Qf8 34. Kg3 g5 35. Qe3 h6 36. Be4 Qf6 37. Bc2 c5 38. dxc5 Bb7 39. Be4 d5 40. Bf3 d4 41. Qd3 Qf4+ 42. Kg2 Qxf3+ 43. Qxf3 Bxf3+ 44. Kxf3 dxc3 45. Ke3 Kf6 46. Kd3 Nd5 47. c6 Ke7 0-1

[Event "YUG-chT 52nd"]
[Site "Novi Sad"]
[Date "2000.08.28"]
[Round "5"]
[White "Rakic, Tomislav"]
[Black "Perunovic, Milos"]
[Result "1-0"]
[WhiteElo "2391"]
[BlackElo "2426"]
[PlyCount "83"]
[EventDate "2000.08.24"]
[EventType "team"]
[EventRounds "11"]
[EventCountry "YUG"]
[SourceTitle "EXT 2001"]
[Source "ChessBase"]
[SourceDate "2000.11.22"]
[SourceVersion "1"]
[SourceVersionDate "2000.11.22"]
[SourceQuality "1"]
[WhiteTeam "Nis"]
[BlackTeam "Milicionar"]
[WhiteTeamCountry "YUG"]
[BlackTeamCountry "YUG"]

1. d4 Nf6 2. Nf3 e6 3. Bf4 c5 4. e3 Qb6 5. Nc3 cxd4 6. exd4 Be7 7. a3 0-0 8. Bd3 Nc6 9. 0-0 d6 10. Re1 Nd5 11. Nxd5 exd5 12. Qb1 Bg4 13. c3 h6 14. Qa2 Be6 15. Rac1 Qd8 16. b4 Rc8 17. Bb1 Qd7 18. Qc2 f5 19. Qe2 Kf7 20. h4 Rce8 21. Ng5+ hxg5 22. Qh5+ Kg8 23. hxg5 Bd8 24. g6 Rf6 25. Re3 Ne7 26. Qh7+ Kf8 27. Bg5 Ng8 28. f4 Qc6 29. Rce1 Bd7 30. Rxe8+ Bxe8 31. Bxf6 Bxf6 32. Bxf5 Bd7 33. Bxd7 Qxd7 34. Qh5 Qc6 35. Re3 a5 36. Qg4 Ne7 37. f5 axb4 38. axb4 Ke8 39. Qf4 Kd7 40. g4 Qc4 41. g5 Be5 42. Qf2 1-0

[Event "YUG-chT"]
[Site "Vrnjacka Banja"]
[Date "1996.??.??"]
[Round "?"]
[White "Narancic, Vlado"]
[Black "Rakic, Tomislav"]
[Result "1-0"]
[WhiteElo "2380"]
[BlackElo "2365"]
[PlyCount "63"]
[EventDate "1996.??.??"]
[EventType "team"]
[EventRounds "11"]
[EventCountry "YUG"]
[SourceTitle "EXT 2000"]
[Source "ChessBase"]
[SourceDate "1999.11.16"]
[SourceVersion "1"]
[SourceVersionDate "1999.11.16"]
[SourceQuality "1"]

1. e4 c5 2. c3 e6 3. d3 d5 4. Nd2 Nc6 5. Ngf3 Be7 6. g3 d4 7. a4 h5 8. h4 dxc3 9. bxc3 Bf6 10. Bb2 Nh6 11. Be2 Ng4 12. Nc4 e5 13. a5 Be6 14. Nfd2 Qe7 15. Ba3 Rd8 16. Rb1 g5 17. hxg5 Bxg5 18. Bxg4 Bxd2+ 19. Nxd2 Bxg4 20. Qxg4 Nxa5 21. Qg7 Kd7 22. Nc4 b6 23. Qxe5 Nxc4 24. Qxe7+ Kxe7 25. dxc4 Ke6 26. Rd1 Rxd1+ 27. Kxd1 f5 28. exf5+ Kxf5 29. Bc1 Kg4 30. Ke2 Re8+ 31. Be3 a5 32. Rd1 1-0

[Event "YUG-chT"]
[Site "Vrnjacka Banja"]
[Date "1996.??.??"]
[Round "?"]
[White "Rakic, Tomislav"]
[Black "Simonovic, Aleksandar"]
[Result "0-1"]
[WhiteElo "2365"]
[BlackElo "2355"]
[PlyCount "56"]
[EventDate "1996.??.??"]
[EventType "team"]
[EventRounds "11"]
[EventCountry "YUG"]
[SourceTitle "EXT 2000"]
[Source "ChessBase"]
[SourceDate "1999.11.16"]
[SourceVersion "1"]
[SourceVersionDate "1999.11.16"]
[SourceQuality "1"]

1. d4 Nf6 2. Nf3 g6 3. Nc3 d5 4. Bg5 Bg7 5. Bxf6 exf6 6. h4 h5 7. e3 c6 8. Bd3 Bg4 9. Ne2 Qb6 10. Qb1 Nd7 11. a4 a5 12. c3 Bf8 13. Nd2 Bxe2 14. Kxe2 f5 15. Qa2 Bh6 16. g3 0-0 17. Qb1 Rfe8 18. Bxf5 gxf5 19. Qxf5 Re6 20. Qxh5 Rae8 21. Rab1 Qa6+ 22. Kd1 Qd3 23. Qe2 Qg6 24. h5 Qh7 25. Kc1 Kf8 26. Nf1 Nf6 27. b4 Ne4 28. Kb2 Nxc3 0-1

[Event "YUG-chT"]
[Site "Vrnjacka Banja"]
[Date "1996.??.??"]
[Round "?"]
[White "Stamenkovic, Zoran"]
[Black "Rakic, Tomislav"]
[Result "1/2-1/2"]
[WhiteElo "2385"]
[BlackElo "2365"]
[PlyCount "104"]
[EventDate "1996.??.??"]
[EventType "team"]
[EventRounds "11"]
[EventCountry "YUG"]
[SourceTitle "EXT 2000"]
[Source "ChessBase"]
[SourceDate "1999.11.16"]
[SourceVersion "1"]
[SourceVersionDate "1999.11.16"]
[SourceQuality "1"]

1. d4 f5 2. g3 Nf6 3. Bg2 g6 4. Nf3 Bg7 5. 0-0 0-0 6. c4 d6 7. Nc3 c6 8. d5 e5 9. dxe6 Bxe6 10. Qd3 Ng4 11. Ng5 Bc8 12. Rd1 Ne5 13. Qc2 h6 14. Nh3 Be6 15. b3 Qe7 16. Ba3 Rd8 17. Rd2 Na6 18. Rad1 Nc5 19. Nf4 Bf7 20. Nd3 Ned7 21. Nxc5 dxc5 22. Na4 Bf8 23. Bb2 Be6 24. Rd3 Qh7 25. Qd2 Be7 26. e4 g5 27. Qe3 Qf7 28. exf5 Bxf5 29. Be4 Bxe4 30. Qxe4 Nf6 31. Qe5 b6 32. h3 Rxd3 33. Rxd3 Re8 34. Rf3 Bd8 35. Qc3 Re6 36. Kg2 Qg6 37. Qd2 Be7 38. Nc3 h5 39. Re3 Rxe3 40. Qxe3 Kf7 41. Bc1 g4 42. h4 Qc2 43. Qd2 Qf5 44. Qe2 Nd7 45. f3 gxf3+ 46. Qxf3 Qxf3+ 47. Kxf3 Ke6 48. Ne2 Kf5 49. Bb2 Bd6 50. Bc1 b5 51. Bf4 Be5 52. Ke3 bxc4 1/2-1/2

[Event "YUG-chT"]
[Site "Tivat"]
[Date "1995.??.??"]
[Round "3"]
[White "Rakic, Tomislav"]
[Black "Pavlovic, Milos"]
[Result "1-0"]
[WhiteElo "2380"]
[BlackElo "2470"]
[PlyCount "81"]
[EventDate "1995.??.??"]
[EventType "team-swiss"]
[EventRounds "11"]
[EventCountry "YUG"]
[SourceTitle "CBM 048 Extra"]
[Source "ChessBase"]
[SourceDate "1995.11.01"]
[SourceVersion "1"]
[SourceVersionDate "1995.11.01"]
[SourceQuality "1"]

1. d4 e6 2. Nf3 c5 3. Nc3 cxd4 4. Nxd4 d6 5. g3 Nf6 6. Bg2 Be7 7. 0-0 0-0 8. e4 a6 9. a4 Qc7 10. g4 Nc6 11. Nxc6 bxc6 12. g5 Ne8 13. f4 g6 14. Ne2 Ng7 15. Ng3 f6 16. gxf6 Bxf6 17. Ra3 a5 18. Raf3 Ba6 19. R1f2 Rad8 20. b3 Bc8 21. Qe1 e5 22. fxe5 Bxe5 23. Rxf8+ Rxf8 24. Rxf8+ Kxf8 25. Bd2 Qa7+ 26. Qf2+ Qxf2+ 27. Kxf2 Bd4+ 28. Ke1 Bb6 29. Nf1 Ne6 30. Ne3 Ba6 31. Bf1 Bxf1 32. Kxf1 Bc7 33. Nc4 d5 34. Nxa5 dxe4 35. Nxc6 Bxh2 36. a5 Ke8 37. b4 Kd7 38. b5 Bd6 39. a6 Nc7 40. a7 Kc8 41. Be3 1-0

[Event "YUG-chT"]
[Site "Tivat"]
[Date "1995.??.??"]
[Round "6"]
[White "Rakic, Tomislav"]
[Black "Vukovic, Zdravko"]
[Result "1/2-1/2"]
[WhiteElo "2380"]
[BlackElo "2470"]
[PlyCount "130"]
[EventDate "1995.??.??"]
[EventType "team-swiss"]
[EventRounds "11"]
[EventCountry "YUG"]
[SourceTitle "CBM 048 Extra"]
[Source "ChessBase"]
[SourceDate "1995.11.01"]
[SourceVersion "1"]
[SourceVersionDate "1995.11.01"]
[SourceQuality "1"]

1. d4 d5 2. Nf3 e6 3. Bf4 Bd6 4. Bg3 h5 5. Qd2 h4 6. Bxd6 cxd6 7. Nc3 Nf6 8. Qf4 Qa5 9. e3 Ke7 10. Bd3 Nc6 11. 0-0 g5 12. Nxg5 e5 13. b4 exf4 14. bxa5 fxe3 15. a6 bxa6 16. fxe3 Rh5 17. Nf3 Rb8 18. a3 Rb2 19. Nd2 Na5 20. Rf4 Be6 21. h3 Nc4 22. Nb3 Nxe3 23. Na4 Rg5 24. Rf2 Bxh3 25. Re1 Bxg2 26. Rxe3+ Be4+ 27. Kf1 Rb1+ 28. Ke2 Ng4 29. Bxe4 Nxe3 30. Nc3 Rbg1 31. Bf3 Ng2 32. Bxd5 h3 33. Rxf7+ Ke8 34. Rh7 Nf4+ 35. Ke3 Nxd5+ 36. Nxd5 Rxd5 37. Rxh3 Rdg5 38. Rh8+ Rg8 39. Rh5 R1g5 40. Rh4 Rg4 41. Rh5 Rg2 42. Rh7 R8g7 43. Rxg7 Rxg7 44. Kd3 Kd7 45. Kc4 Rg2 46. c3 Rb2 47. d5 Kc7 48. a4 Kb6 49. a5+ Kc7 50. Nd4 Kd7 51. Nc6 Rb5 52. Kd4 Ke8 53. c4 Rb1 54. Nxa7 Ra1 55. Nc6 Ra3 56. Ke4 Kf7 57. Kd4 Kf6 58. Na7 Ke7 59. Nc6+ Kf7 60. Na7 Ke7 61. Nc6+ Kf6 62. Na7 Rh3 63. Nc6 Rh1 64. Nb4 Ra1 65. Nxa6 Rxa5 1/2-1/2

[Event "YUG-chT"]
[Site "Igalo"]
[Date "1994.??.??"]
[Round "2"]
[White "Piskov, Yury"]
[Black "Rakic, Tomislav"]
[Result "1/2-1/2"]
[WhiteElo "2550"]
[BlackElo "2400"]
[PlyCount "48"]
[EventDate "1994.??.??"]
[EventType "team"]
[EventRounds "9"]
[EventCountry "YUG"]
[SourceTitle "EXT 2002"]
[Source "ChessBase"]
[SourceDate "2001.11.25"]
[SourceVersion "1"]
[SourceVersionDate "2001.11.25"]
[SourceQuality "1"]

1. d4 g6 2. Nf3 Bg7 3. c3 Nf6 4. Bg5 c5 5. dxc5 0-0 6. Nbd2 Na6 7. Nb3 Qc7 8. Qd4 b6 9. cxb6 axb6 10. e4 Nc5 11. Nxc5 bxc5 12. Qe3 Qb7 13. Bd3 Qxb2 14. 0-0 Qxc3 15. Rac1 Qa3 16. e5 Ng4 17. Qe4 d5 18. exd6 Bf5 19. dxe7 Bxe4 20. exf8Q+ Rxf8 21. Bxe4 Nf6 22. Bxf6 Bxf6 23. Bd5 Rd8 24. Bb3 Rd3 1/2-1/2

[Event "YUG-chT"]
[Site "Igalo"]
[Date "1994.??.??"]
[Round "3"]
[White "Rakic, Tomislav"]
[Black "Martinovic, Slobodan"]
[Result "1/2-1/2"]
[WhiteElo "2400"]
[BlackElo "2465"]
[PlyCount "22"]
[EventDate "1994.??.??"]
[EventType "team"]
[EventRounds "9"]
[EventCountry "YUG"]
[SourceTitle "EXT 2002"]
[Source "ChessBase"]
[SourceDate "2001.11.25"]
[SourceVersion "1"]
[SourceVersionDate "2001.11.25"]
[SourceQuality "1"]

1. d4 Nf6 2. Nf3 c5 3. d5 d6 4. Nc3 e6 5. e4 exd5 6. Nxd5 Nxd5 7. Qxd5 Be7 8. Bb5+ Nd7 9. Bxd7+ Qxd7 10. Bg5 f6 11. Bf4 Qe6 1/2-1/2

[Event "YUG-chT"]
[Site "Igalo"]
[Date "1994.??.??"]
[Round "6"]
[White "Rakic, Tomislav"]
[Black "Vukovic, Zdravko"]
[Result "0-1"]
[WhiteElo "2400"]
[BlackElo "2435"]
[PlyCount "52"]
[EventDate "1994.??.??"]
[EventType "team"]
[EventRounds "9"]
[EventCountry "YUG"]
[SourceTitle "EXT 2002"]
[Source "ChessBase"]
[SourceDate "2001.11.25"]
[SourceVersion "1"]
[SourceVersionDate "2001.11.25"]
[SourceQuality "1"]

1. e4 c5 2. Nc3 Nc6 3. Nf3 d6 4. d4 cxd4 5. Nxd4 Nf6 6. Be2 e5 7. Nf3 h6 8. 0-0 Be7 9. h3 Be6 10. Re1 0-0 11. Bf1 Nb8 12. Nd5 Nxd5 13. exd5 Bf5 14. c4 Nd7 15. a4 a5 16. Ra3 Nc5 17. Rae3 Bg6 18. b3 f5 19. Ba3 b6 20. Nd4 f4 21. Bxc5 fxe3 22. Ne6 bxc5 23. Rxe3 Qe8 24. Rg3 Bh4 25. Rg4 Bxf2+ 26. Kh2 h5 0-1

[Event "YUG-chT"]
[Site "Cetinje"]
[Date "1993.??.??"]
[Round "1"]
[White "Drasko, Milan"]
[Black "Rakic, Tomislav"]
[Result "1/2-1/2"]
[WhiteElo "2475"]
[BlackElo "2355"]
[PlyCount "75"]
[EventDate "1993.??.??"]
[EventType "team"]
[EventRounds "11"]
[EventCountry "YUG"]
[SourceTitle "EXT 2002"]
[Source "ChessBase"]
[SourceDate "2001.11.25"]
[SourceVersion "1"]
[SourceVersionDate "2001.11.25"]
[SourceQuality "1"]

1. d4 f5 2. g3 Nf6 3. Bg2 g6 4. Nf3 Bg7 5. 0-0 0-0 6. c4 d6 7. Nc3 c6 8. d5 e5 9. dxe6 Bxe6 10. Qd3 Na6 11. Bf4 d5 12. Ng5 Bf7 13. Nxf7 Rxf7 14. cxd5 Nb4 15. Qc4 Nbxd5 16. Rad1 Rd7 17. Be5 Kh8 18. Nxd5 Nxd5 19. Bxg7+ Kxg7 20. Bxd5 cxd5 21. Qa4 b5 22. Qb3 Rc8 23. Rc1 a6 24. Qa3 Rxc1 25. Rxc1 Qf6 26. Rc2 h5 27. Qc3 d4 28. Qc6 Re7 29. Qxf6+ Kxf6 30. h4 f4 31. Kg2 fxg3 32. Kxg3 Re4 33. f3 Re6 34. Kf4 a5 35. a3 b4 36. axb4 axb4 37. Rd2 b3 38. Rd3 1/2-1/2

[Event "YUG-chT"]
[Site "Cetinje"]
[Date "1993.??.??"]
[Round "11"]
[White "Rakic, Tomislav"]
[Black "Cabrilo, Goran"]
[Result "1/2-1/2"]
[WhiteElo "2355"]
[BlackElo "2530"]
[PlyCount "67"]
[EventDate "1993.??.??"]
[EventType "team"]
[EventRounds "11"]
[EventCountry "YUG"]
[SourceTitle "EXT 2002"]
[Source "ChessBase"]
[SourceDate "2001.11.25"]
[SourceVersion "1"]
[SourceVersionDate "2001.11.25"]
[SourceQuality "1"]

1. d4 Nf6 2. Bg5 Ne4 3. Bf4 c5 4. f3 Qa5+ 5. c3 Nf6 6. Nd2 cxd4 7. Nb3 Qb6 8. Qxd4 d5 9. Qxb6 axb6 10. Bxb8 Rxb8 11. e3 Bd7 12. Bd3 e6 13. Ne2 Bd6 14. Ned4 Ke7 15. a3 Rbc8 16. 0-0 Rhd8 17. Rae1 g6 18. e4 dxe4 19. fxe4 Ng4 20. h3 Ne5 21. Bb5 Bxb5 22. Nxb5 Bc5+ 23. Kh2 Nd3 24. Re2 e5 25. g3 Ke6 26. Rd1 Rd7 27. N5d4+ exd4 28. Rxd3 dxc3 29. Rxc3 Rdc7 30. Kg2 f6 31. Nxc5+ Rxc5 32. Rb3 R8c6 33. Kf3 Rd6 34. Rb4 1/2-1/2

[Event "YUG-chT"]
[Site "Cetinje"]
[Date "1993.??.??"]
[Round "2"]
[White "Rakic, Tomislav"]
[Black "Marinkovic, Ivan"]
[Result "1-0"]
[WhiteElo "2355"]
[BlackElo "2445"]
[PlyCount "97"]
[EventDate "1993.??.??"]
[EventType "team"]
[EventRounds "11"]
[EventCountry "YUG"]
[SourceTitle "EXT 2002"]
[Source "ChessBase"]
[SourceDate "2001.11.25"]
[SourceVersion "1"]
[SourceVersionDate "2001.11.25"]
[SourceQuality "1"]

1. d4 Nf6 2. Nf3 c5 3. d5 g6 4. Nc3 Bg7 5. e4 0-0 6. a4 d6 7. Bc4 Na6 8. 0-0 Nc7 9. Ra3 Bg4 10. Be3 a6 11. h3 Bxf3 12. Qxf3 Nd7 13. Rb3 b6 14. Qe2 Qb8 15. Bg5 Re8 16. f4 Qa7 17. e5 h6 18. e6 fxe6 19. dxe6 Nf8 20. Bh4 Qb7 21. Nd5 Nxd5 22. Qe4 Rab8 23. Bxd5 Qc7 24. c4 b5 25. axb5 axb5 26. f5 g5 27. f6 Bxf6 28. Rxf6 exf6 29. e7+ Kg7 30. exf8Q+ Rxf8 31. Bg3 bxc4 32. Ra3 Rbe8 33. Qxc4 f5 34. b4 Rb8 35. b5 Qe7 36. Bc6 f4 37. Bf2 h5 38. Ra1 Rf5 39. Be1 Kh6 40. Bd2 Re5 41. h4 Rf8 42. Rf1 Ref5 43. b6 d5 44. Bxd5 Qd6 45. hxg5+ Kxg5 46. Rxf4 Rxf4 47. g3 Qxb6 48. Bxf4+ Kf6 49. Qe4 1-0

[Event "YUG-chT"]
[Site "Cetinje"]
[Date "1993.??.??"]
[Round "7"]
[White "Rakic, Tomislav"]
[Black "Petronic, Jovan"]
[Result "0-1"]
[WhiteElo "2355"]
[BlackElo "2435"]
[PlyCount "50"]
[EventDate "1993.??.??"]
[EventType "team"]
[EventRounds "11"]
[EventCountry "YUG"]
[SourceTitle "EXT 2002"]
[Source "ChessBase"]
[SourceDate "2001.11.25"]
[SourceVersion "1"]
[SourceVersionDate "2001.11.25"]
[SourceQuality "1"]

1. d4 d6 2. e4 g6 3. Nc3 Bg7 4. f4 Nf6 5. e5 Nfd7 6. Nf3 c5 7. exd6 0-0 8. dxe7 Qxe7+ 9. Be2 cxd4 10. Nxd4 Nb6 11. Ncb5 Rd8 12. c3 a6 13. Na3 Nc6 14. Nac2 Bf5 15. Kf1 Bxc2 16. Qxc2 Nxd4 17. cxd4 Rac8 18. Qb3 Re8 19. Qd3 Rcd8 20. g3 Rxd4 21. Qf3 Nc4 22. Kf2 Nd2 23. Bxd2 Rxd2 24. Rhe1 Rxb2 25. Rab1 Qc5+ 0-1

[Event "YUG-chT"]
[Site "Cetinje"]
[Date "1993.??.??"]
[Round "5"]
[White "Rakic, Tomislav"]
[Black "Vujosevic, Vladimir"]
[Result "1-0"]
[WhiteElo "2355"]
[BlackElo "2375"]
[PlyCount "73"]
[EventDate "1993.??.??"]
[EventType "team"]
[EventRounds "11"]
[EventCountry "YUG"]
[SourceTitle "TD"]
[Source "ChessBase"]
[SourceDate "1994.03.01"]
[SourceVersion "1"]
[SourceVersionDate "1994.03.01"]
[SourceQuality "1"]

1. d4 Nf6 2. Nf3 d5 3. Bf4 e6 4. e3 Be7 5. Nbd2 Nbd7 6. Bd3 b6 7. c3 Bb7 8. Qa4 a6 9. b4 0-0 10. Rb1 Ne4 11. Qc2 f5 12. a4 Bd6 13. h4 Qf6 14. Qb3 Kh8 15. Bg5 Qf7 16. c4 Nxd2 17. Kxd2 dxc4 18. Bxc4 Bd5 19. Bxd5 exd5 20. Bf4 Bxf4 21. exf4 Nf6 22. Ne5 Qe7 23. h5 Kg8 24. h6 g6 25. f3 Rac8 26. Rhe1 Qd6 27. Rec1 c6 28. Qd3 b5 29. axb5 axb5 30. Qc3 Nd7 31. Ra1 Nb6 32. Qc5 Qxc5 33. Rxc5 Na4 34. Rxc6 Rxc6 35. Nxc6 Rf7 36. Re1 Rc7 37. Nd8 1-0

[Event "Novi Sad"]
[Site "Novi Sad"]
[Date "1992.??.??"]
[Round "6"]
[White "Kosic, Dragan"]
[Black "Rakic, Tomislav"]
[Result "1-0"]
[WhiteElo "2445"]
[BlackElo "2385"]
[PlyCount "85"]
[EventDate "1992.01.??"]
[EventType "tourn"]
[EventRounds "11"]
[EventCountry "YUG"]
[EventCategory "8"]
[SourceTitle "CBM 029 Extra"]
[Source "ChessBase"]
[SourceDate "1992.09.01"]
[SourceVersion "1"]
[SourceVersionDate "1992.09.01"]
[SourceQuality "1"]

1. d4 Nf6 2. Nf3 g6 3. g3 Bg7 4. Bg2 0-0 5. 0-0 d6 6. c4 c6 7. Nc3 a5 8. h3 Na6 9. e4 Nc7 10. d5 Nd7 11. Be3 Nc5 12. Nd4 e5 13. dxe6 N7xe6 14. Qd2 a4 15. Rad1 Qa5 16. Nxe6 Nxe6 17. Ne2 Qa6 18. Qc2 c5 19. Rd2 Qb6 20. Rfd1 Ra6 21. Nc3 a3 22. b3 Bd7 23. Nb5 Bxb5 24. cxb5 Raa8 25. Rxd6 Qxb5 26. R6d5 Rfc8 27. e5 Rab8 28. f4 Qa6 29. Rd7 b5 30. Qf2 Rc7 31. Rxc7 Nxc7 32. Bxc5 Ne6 33. Be3 Rc8 34. g4 g5 35. fxg5 Rd8 36. Rf1 Rd7 37. Be4 b4 38. Rc1 Qa5 39. Rc8+ Nf8 40. Bc5 Rd8 41. Qf5 Rxc8 42. Qxc8 Qb5 43. Kf2 1-0

[Event "Munich op 9192"]
[Site "Munich"]
[Date "1992.??.??"]
[Round "2"]
[White "Lenz, Thomas"]
[Black "Rakic, Tomislav"]
[Result "0-1"]
[WhiteElo "2270"]
[BlackElo "2385"]
[PlyCount "66"]
[EventDate "1992.01.??"]
[EventType "swiss"]
[EventRounds "9"]
[EventCountry "GER"]
[SourceTitle "TD"]
[Source "ChessBase"]
[SourceDate "1994.03.01"]
[SourceVersion "1"]
[SourceVersionDate "1994.03.01"]
[SourceQuality "1"]

1. c4 e5 2. Nc3 Nc6 3. g3 g6 4. Bg2 Bg7 5. Rb1 a5 6. a3 Nf6 7. b4 axb4 8. axb4 0-0 9. b5 Nd4 10. e3 Ne6 11. Nge2 d6 12. Bb2 h5 13. h4 Ng4 14. Nd5 Bd7 15. d4 Re8 16. f3 Nh6 17. dxe5 c6 18. bxc6 bxc6 19. Nf6+ Bxf6 20. exf6 Nf5 21. e4 Ne3 22. Qc1 Qa5+ 23. Kf2 Nxg2 24. Qh6 Qa2 25. f4 Rab8 26. Bd4 Rxb1 27. f5 Rb2 28. fxe6 Rxe2+ 29. Kf3 Qb3+ 30. Kxe2 Qc2+ 31. Kf3 Qd3+ 32. Kxg2 Qxe4+ 33. Kf2 Qxd4+ 0-1

[Event "Novi Sad"]
[Site "Novi Sad"]
[Date "1992.??.??"]
[Round "3"]
[White "Mirkovic, Slobodan"]
[Black "Rakic, Tomislav"]
[Result "0-1"]
[WhiteElo "2400"]
[BlackElo "2385"]
[PlyCount "80"]
[EventDate "1992.01.??"]
[EventType "tourn"]
[EventRounds "11"]
[EventCountry "YUG"]
[EventCategory "8"]
[SourceTitle "CBM 029 Extra"]
[Source "ChessBase"]
[SourceDate "1992.09.01"]
[SourceVersion "1"]
[SourceVersionDate "1992.09.01"]
[SourceQuality "1"]

1. d4 g6 2. c4 Bg7 3. e4 d6 4. Nc3 Nd7 5. g4 e5 6. d5 Ne7 7. h4 Nf6 8. Be2 c6 9. g5 Nh5 10. Bxh5 gxh5 11. Qxh5 cxd5 12. cxd5 Bd7 13. Qe2 Ng6 14. Qd3 0-0 15. Nge2 f5 16. Ng3 fxe4 17. Ngxe4 Bg4 18. Be3 Bf3 19. Rh2 Qd7 20. Nf6+ Bxf6 21. gxf6 Qg4 22. Kd2 Nf4 23. Bxf4 Qxf4+ 24. Qe3 Rxf6 25. Rg1+ Kh8 26. Qxf4 Rxf4 27. Ke3 Raf8 28. Rg3 a6 29. h5 b5 30. a3 a5 31. Nxb5 Bxd5 32. Nxd6 Rb8 33. b4 axb4 34. axb4 Rfxb4 35. Rg5 Rb3+ 36. Kd2 Rb2+ 37. Kc1 R2b6 38. Nf5 Rd8 39. Ng3 Rc6+ 40. Kd2 Bf3+ 0-1

[Event "Novi Sad"]
[Site "Novi Sad"]
[Date "1992.??.??"]
[Round "10"]
[White "Nevostrujev, Vladimir"]
[Black "Rakic, Tomislav"]
[Result "1/2-1/2"]
[WhiteElo "2385"]
[BlackElo "2385"]
[PlyCount "90"]
[EventDate "1992.01.??"]
[EventType "tourn"]
[EventRounds "11"]
[EventCountry "YUG"]
[EventCategory "8"]
[SourceTitle "CBM 029 Extra"]
[Source "ChessBase"]
[SourceDate "1992.09.01"]
[SourceVersion "1"]
[SourceVersionDate "1992.09.01"]
[SourceQuality "1"]

1. e4 c5 2. Nf3 Nc6 3. d4 cxd4 4. Nxd4 Nf6 5. Nc3 d6 6. Bg5 Bd7 7. Qd2 Nxd4 8. Qxd4 Qa5 9. f4 e6 10. 0-0-0 Bc6 11. Bc4 Be7 12. e5 dxe5 13. fxe5 Nd5 14. Bd2 Qc5 15. Qxc5 Bxc5 16. Nxd5 exd5 17. Bd3 0-0 18. Rde1 Bd7 19. Rhf1 Be6 20. Rf4 Be7 21. Kd1 Rfc8 22. Be3 h6 23. Bd4 a5 24. c3 Rab8 25. Ba7 Ra8 26. Bd4 Rab8 27. Bb5 b6 28. Kc2 Rc7 29. Rf2 Bc5 30. Rd1 Be7 31. Rdf1 Ra7 32. Kb1 Rc7 33. Rd1 Rcc8 34. b3 Rc7 35. Kb2 Kf8 36. a3 Bc5 37. b4 axb4 38. axb4 Bxd4 39. Rxd4 Rbc8 40. Ba6 Ra8 41. Bd3 Rd7 42. Bb1 Ke7 43. Rfd2 Ra1 44. Rd1 Bf5 45. Bxf5 Ra2+ 1/2-1/2

[Event "Novi Sad"]
[Site "Novi Sad"]
[Date "1992.??.??"]
[Round "4"]
[White "Rakic, Tomislav"]
[Black "Kozul, Zdenko"]
[Result "0-1"]
[WhiteElo "2385"]
[BlackElo "2545"]
[PlyCount "42"]
[EventDate "1992.01.??"]
[EventType "tourn"]
[EventRounds "11"]
[EventCountry "YUG"]
[EventCategory "8"]
[SourceTitle "CBM 029 Extra"]
[Source "ChessBase"]
[SourceDate "1992.09.01"]
[SourceVersion "1"]
[SourceVersionDate "1992.09.01"]
[SourceQuality "1"]

1. d4 Nf6 2. Nf3 g6 3. Nc3 Bg7 4. e4 d6 5. Be2 0-0 6. 0-0 Bg4 7. Be3 Nc6 8. d5 Bxf3 9. Bxf3 Ne5 10. Be2 c6 11. a4 Qa5 12. f4 Ned7 13. Bf3 cxd5 14. exd5 Rfc8 15. Kh1 Nb6 16. Re1 Nc4 17. Bc1 Kf8 18. Qe2 Ng8 19. Ne4 Nxb2 20. Bxb2 Bxb2 21. Ra2 Rxc2 0-1

[Event "Munich op 9192"]
[Site "Munich"]
[Date "1992.??.??"]
[Round "7"]
[White "Rakic, Tomislav"]
[Black "Stangl, Markus"]
[Result "0-1"]
[WhiteElo "2385"]
[BlackElo "2490"]
[PlyCount "94"]
[EventDate "1992.01.??"]
[EventType "swiss"]
[EventRounds "9"]
[EventCountry "GER"]
[SourceTitle "TD"]
[Source "ChessBase"]
[SourceDate "1994.03.01"]
[SourceVersion "1"]
[SourceVersionDate "1994.03.01"]
[SourceQuality "1"]

1. d4 g6 2. e4 Bg7 3. Nc3 c6 4. f4 d5 5. e5 h5 6. Be3 Nh6 7. Nf3 Bg4 8. h3 Bxf3 9. Qxf3 Nf5 10. Bd3 e6 11. g3 Nd7 12. 0-0-0 Nxe3 13. Qxe3 c5 14. g4 cxd4 15. Qxd4 Qb6 16. Qa4 0-0-0 17. Kb1 g5 18. Rhf1 hxg4 19. hxg4 a6 20. Rde1 Rh4 21. Be2 gxf4 22. Rxf4 Bxe5 23. Rb4 Qc6 24. Qxc6+ bxc6 25. Bxa6+ Kc7 26. Rb7+ Kd6 27. Be2 Rh3 28. Nd1 Rdh8 29. a4 Ra8 30. b3 f6 31. Rf1 Nc5 32. Rf7 Ne4 33. Kc1 Ng3 34. Rf2 Rh4 35. Ne3 Bc3 36. Rf3 Rh1+ 37. Nf1 Nxf1 38. Bxf1 Be5 39. Kd2 Rh4 40. Rh3 Rxg4 41. Rhh7 Rg3 42. Rd7+ Kc5 43. Rde7 Bc3+ 44. Ke2 e5 45. Re6 e4 46. Rc7 Kd4 47. Rxf6 Re3+ 0-1

[Event "Novi Sad"]
[Site "Novi Sad"]
[Date "1992.??.??"]
[Round "7"]
[White "Rakic, Tomislav"]
[Black "Todorovic, Goran M"]
[Result "0-1"]
[WhiteElo "2385"]
[BlackElo "2440"]
[PlyCount "84"]
[EventDate "1992.01.??"]
[EventType "tourn"]
[EventRounds "11"]
[EventCountry "YUG"]
[EventCategory "8"]
[SourceTitle "CBM 029 Extra"]
[Source "ChessBase"]
[SourceDate "1992.09.01"]
[SourceVersion "1"]
[SourceVersionDate "1992.09.01"]
[SourceQuality "1"]

1. d4 d5 2. Nf3 e6 3. Bf4 c5 4. e3 Nc6 5. c3 Bd6 6. Bg3 Nf6 7. Nbd2 0-0 8. Bd3 Qe7 9. Ne5 Nd7 10. f4 f6 11. Bh4 Qe8 12. Nxd7 Bxd7 13. Qf3 Rc8 14. 0-0 Ne7 15. dxc5 Bxc5 16. Nb3 Bb6 17. Kh1 Bb5 18. e4 dxe4 19. Qxe4 Bxd3 20. Qxd3 Qc6 21. Rae1 Nf5 22. Bf2 Rfd8 23. Qe2 Rd6 24. Bxb6 Qxb6 25. g4 Nh6 26. Nd4 Re8 27. g5 Nf7 28. gxf6 g6 29. f5 e5 30. fxg6 hxg6 31. Qf3 Red8 32. Nf5 gxf5 33. Qg3+ Kf8 34. Qg7+ Ke8 35. Rxe5+ Kd7 36. Qxf7+ Kc8 37. Rexf5 Qc6+ 38. Kg1 Rd2 39. R5f2 Rxf2 40. Rxf2 Rd1+ 41. Rf1 Qc5+ 42. Kg2 Qg5+ 0-1